Joueurs français ayant joué à Chelsea - Statistiques

Statistiques générales
  • Ce quiz a été pris 98 fois
  • Le résultat moyen est 13 sur 25
Statistiques - réponses
Année d'arrivée Année de départ Club précédant Club suivant Nombre de match Joueurs % Correct
2016 2023 Leicester City Al-Ittihad Club 269 N'Golo Kanté
92%
2023 En cours Olympique Lyonnais En cours 124 Malo Gusto
89%
2022 En cours Leicester City En cours 63 Wesley Fofana
86%
2018 2021 Arsenal FC AC Milan 119 Olivier Giroud
83%
2023 En cours AS Monaco En cours 71 Benoît Badiashile
78%
2023 2025 RB Leipzig AC Milan 62 Christopher Nkunku
78%
2023 En cours AS Monaco En cours 61 Axel Disasi
75%
2008 2012 Bolton Wanderers Shanghai Shenhua 184 Nicolas Anelka
68%
2003 2008 Real Madrid Paris Saint-Germain 217 Claude Makélélé
64%
2017 2018 AS Monaco AC Milan 43 Tiémoué Bakayoko
60%
1999 2000 Juventus Turin FC Valencia 47 Didier Deschamps
51%
2007 2013 Olympique Lyonnais Trabzonspor 229 Florent Malouda
51%
1998 2004 AC Milan Al-Gharafa 222 Marcel Desailly
48%
2014 2021 AS Saint-Etienne West Ham United 151 Kurt Zouma
47%
2020 2022 OGC Nice AS Monaco 21 Malang Sarr
47%
2001 2006 Olympique de Marseille Arsenal FC 225 William Gallas
46%
2001 2004 FC Barcelone Fin de carrière 76 Emmanuel Petit
43%
1996 2001 RC Strasbourg Alsace Olympique de Marseille 204 Frank Leboeuf
40%
2005 2007 Le Havre AC Arsenal FC 31 Lassana Diarra
39%
2023 2025 Stade Rennais FC Burnley FC 15 Lesley Ugochukwu
34%
2014 2017 Queens Park Rangers UD Las Palmas 47 Loïc Rémy
23%
2025 2025 AS Saint-Etienne RC Strasbourg Alscace 2 Mathis Amougou
20%
1997 2001 FC Girondins de Bordeaux SC Bastia 60 Bernard Lambourde
3%
1998 1998 AS Cannes Newcastle United 13 Laurent Charvet
3%
2002 2003 Stade Rennais FC B Partick Thistle FC 0 Jean-Yves Anis
2%
Aucun quiz correspondant
Distribution des résultats
% des personnes avec chaque résultat
Percentile par nombre de réponses
Votre historique - résultats
Vous n’avez pas pris ce quiz